00390nam a22001577a 450000500170000001000130001702000260003003500170005603500130007303700180008608200110010424500420011526000320015730000290018949000140021820170425121751.0 aBAC-CH25 a9788180221644c225.00 aB-558318-351 aB-669739 adplbABC /Ven a611.03 aJunior encyclopedia: the human body / bPriority Publicationsc2013 a48p.:bcol.illc27cm(Hb) aBlow-up !